| 000 | 00875cam a2200265M 4500 | ||
|---|---|---|---|
| 005 | 20180312142017.0 | ||
| 008 | 140731s1993 sp a gr 000 j spa d | ||
| 020 | _a8423633438 | ||
| 020 | _a9788423633432 | ||
| 040 |
_aCO-BoUCM _bspa _cJose A. Gerena _dJose A. Gerena |
||
| 041 | 0 | _aspa | |
| 100 | 1 |
_aAndreu, Mabel _963472 |
|
| 245 | 1 | 0 |
_aDoña Desastre _cMabel Andreu y Mabel Piérola |
| 250 | _a6a ed | ||
| 260 |
_aBarcelona (España) _bEdebé _c1993 |
||
| 300 |
_a[32] páginas _bilustraciones a color |
||
| 490 | 1 |
_aTren azul _v15 |
|
| 650 | 7 |
_918524 _aLibros y lectura para niños |
|
| 650 | 7 |
_918684 _aLiteratura infantil española |
|
| 650 | 7 |
_937305 _aCuentos ilustrados para niños |
|
| 690 |
_942863 _aLiteratura europea |
||
| 700 | 1 |
_aPiérola, Mabel _963473 |
|
| 942 |
_a18 _cLIBRO _e6 _mA561 _2DEWEY _h868.64 _n0 |
||
| 999 |
_c242225 _d242225 |
||